| 000 | 01360nam a2200349Ia 4500 | ||
|---|---|---|---|
| 001 | ebr10186055 | ||
| 003 | CaPaEBR | ||
| 006 | m u | ||
| 007 | cr cn||||||||| | ||
| 008 | 040519s2005 maua sb 001 0 eng d | ||
| 010 | _z 2004011926 | ||
| 020 | _z9780124818514 | ||
| 020 | _z012481851X (pbk. : acid-free paper) | ||
| 040 |
_aCaPaEBR _cCaPaEBR |
||
| 035 | _a(OCoLC)648300359 | ||
| 050 | 1 | 4 |
_aQC791 _b.M33 2005eb |
| 082 | 0 | 4 |
_a539.7/64 _222 |
| 100 | 1 | _aMcCracken, G. M. | |
| 245 | 1 | 0 |
_aFusion _h[electronic resource] : _bthe energy of the universe / _cGarry McCracken and Peter Stott. |
| 260 |
_aBurlington, MA : _bElsevier Academic Press, _cc2005. |
||
| 300 |
_axx, 186 p. : _bill. (some col.). |
||
| 490 | 1 | _aComplementary science series | |
| 504 | _aIncludes bibliographical references (p. 177-180) and index. | ||
| 533 |
_aElectronic reproduction. _bPalo Alto, Calif. : _cebrary, _d2009. _nAvailable via World Wide Web. _nAccess may be limited to ebrary affiliated libraries. |
||
| 650 | 0 | _aNuclear fusion. | |
| 650 | 0 | _aNuclear reactions. | |
| 655 | 7 |
_aElectronic books. _2local |
|
| 700 | 1 |
_aStott, P. E. _q(Peter E.) |
|
| 710 | 2 | _aebrary, Inc. | |
| 830 | 0 | _aComplementary science series. | |
| 856 | 4 | 0 |
_uhttp://site.ebrary.com/lib/rucke/Doc?id=10186055 _zAn electronic book accessible through the World Wide Web; click to view |
| 999 |
_c145128 _d145128 |
||